Academic encounters - teacher's manual Reading, study skills, and writing. Contents focus: Huamn behavior

Đã lưu trong:
Bibliografiske detaljer
Hovedforfatter: Bernard Seal
Format: Bog
Sprog:Undetermined
Udgivet: Cambridge. UK Cambridge University Press 1997
Fag:
Tags: Tilføj Tag
Ingen Tags, Vær først til at tagge denne postø!
Thư viện lưu trữ: Trung tâm Học liệu Trường Đại học Cần Thơ
LEADER 00695nam a2200205Ia 4500
001 CTU_52167
008 210402s9999 xx 000 0 und d
020 |b 178000 
082 |a 428.24 
082 |b S438 
100 |a Bernard Seal 
245 0 |a Academic encounters - teacher's manual 
245 0 |b Reading, study skills, and writing. Contents focus: Huamn behavior 
245 0 |c Bernard Seal 
260 |a Cambridge. UK 
260 |b Cambridge University Press 
260 |c 1997 
650 |a english language,english language,human behavior,college readers,acedemic writing 
650 |x rhetoric,textbooks for foreign speakers 
980 |a Trung tâm Học liệu Trường Đại học Cần Thơ